| 000 | 00679nam a22001697a 4500 | ||
|---|---|---|---|
| 003 | OSt | ||
| 005 | 20171010095448.0 | ||
| 008 | 120621t xxu||||| |||| 00| 0 eng d | ||
| 040 |
_aMMSU _cULS |
||
| 100 |
_aDadufalza, Reynald L. _910579 |
||
| 245 |
_aUtilization of different weed species as green manure material for hybrid rice (var NSIC Rc 124H) in San Fernando soil series _cReynald L. Dadufalza |
||
| 260 | _c2007 | ||
| 300 |
_axv, 70 leaves _c28 cm. |
||
| 500 | _aThesis (BS Agriculture-Soil Science) -- Mariano Marcos State University-College of Agriculture, Food and Sustainable Development, Batac City | ||
| 504 | _aBibliography: leaves 44-45 | ||
| 942 |
_2ddc _cTHEDIS |
||
| 999 |
_c9583 _d9583 |
||